000 01086nam a2200241Ia 4500
001 18013
003 GE_BSU
008 181216s||||||||xx |||||||||||||| ||und||
040 _cGE_BSU
080 _a811.353.31 + 811.353.31'282
100 _aასათიანი, ირინე
245 _aჭანური (ლაზური) ტექსტები. [ნაკვ.] 1. ხოფური კილოკავი
245 _bმასალები ქართველურ ენათა შესწავლისათვის
245 _cრედ. არნ. ჩიქობავა
260 _aთბილისი
260 _bმეცნიერება
260 _c1974
300 _a224 გვ. : ილ. 22 სმ
653 _aლაზური ტექსტები; ლაზური ენა; ჭანური (ლაზური) ენის კილოები
653 _aჭანური (ლაზური) ტექსტები
653 _aხოფური კილოკავი
942 _cBK
999 _c51056
_d51056